000 00453nam a22001697a 4500
999 _c3862
_d3862
003 OSt
005 20181123154102.0
008 181123b ||||| |||| 00| 0 eng d
040 _cDLC
082 _a225
100 _aNelson, Thomas.
245 _aScripted NKJV New Testament;
_bThe Word of Promise /
_cThomas Nelson.
260 _aTennessee;
_bThomas Nelson /
_cc2007.
300 _a518 p.:
650 _aScripted NKJV New Testament.
942 _2ddc
_cREF